| 000 | 00376nam a22001457a 4500 | ||
|---|---|---|---|
| 020 | _a9788190738675 | ||
| 082 | _a621.381 SHA | ||
| 100 | _aSharma, Sanjay | ||
| 245 | _aDigital electronics (Digital logic design) | ||
| 260 |
_aNew Delhi, India _bS.K. Kataria & Sons _c2010 |
||
| 300 |
_axv, 638 p. _bill. ; |
||
| 500 | _aIncludes index. | ||
| 650 | _aLogic Design | ||
| 942 | _cBK | ||
| 999 |
_c12613 _d12613 |
||